skbl

Dr Suryya Kumar Bhuyan Library Web-OPAC
ডঃ সূৰ্য্য
কুমাৰ ভূঞা পুথিভঁৰাল ৱেব-অ'পেক

All Research Scholars are advised to clear the annual library fees to continue using Library Resources, Remote Access, Plagiarism Test and Library Clearance.

Cotton University Book Fair 2026

Geology of India (Record no. 55187)

MARC details
000 -LEADER
fixed length control field 00542nam a2200193Ia 4500
001 - CONTROL NUMBER
control field 55254
008 - FIXED-LENGTH DATA ELEMENTS--GENERAL INFORMATION
fixed length control field 120901n ii |||gr||||Z||||||465
020 ## - INTERNATIONAL STANDARD BOOK NUMBER
International Standard Book Number 978-81-85867-98-4
082 ## - DEWEY DECIMAL CLASSIFICATION NUMBER
Classification number 550.954
245 #0 - TITLE STATEMENT
Title Geology of India
Statement of responsibility, etc. M Ramakrishnan & R Vaidyanadhan
Medium Textual Documents
250 ## - EDITION STATEMENT
Edition statement First-2010.
260 ## - PUBLICATION, DISTRIBUTION, ETC.
Place of publication, distribution, etc. Banglore
Name of publisher, distributor, etc. Geological Society of India
300 ## - PHYSICAL DESCRIPTION
Extent 556pg:
Other physical details ill;
Dimensions 30cm.
500 ## - GENERAL NOTE
General note Volume 1 & 2
653 ## - INDEX TERM--UNCONTROLLED
Uncontrolled term Geology
653 ## - INDEX TERM--UNCONTROLLED
Uncontrolled term Deptt-Geology
700 ## - ADDED ENTRY--PERSONAL NAME
Personal name Ramakrishnan,M & Vaidyanadhan,R .
942 ## - ADDED ENTRY ELEMENTS (KOHA)
Source of classification or shelving scheme Dewey Decimal Classification
Koha item type Books
Holdings
Withdrawn status Lost status Damaged status Not for loan Collection Home library Current library Shelving location Date acquired Source of acquisition Coded location qualifier Total checkouts Full call number Barcode Date last seen Copy number Price effective from Koha item type Public note
          Dr. Suryya Kumar Bhuyan Library Dr. Suryya Kumar Bhuyan Library   01/09/2012 GG 00000   550.954 Va 191 Ge 723/Geol 14/01/2024 2 01/09/2012 Books GG
          Dr. Suryya Kumar Bhuyan Library Dr. Suryya Kumar Bhuyan Library   01/09/2012   00000   550.954 Va 191 Ge 722/geol 14/01/2024 1 01/09/2012 Books  

Designed and Maintained by Team SKBL
©1901-2026

Powered by Koha